<?xml version="1.0" encoding="UTF-8"?>
<record
    xmlns:xsi="http://www.w3.org/2001/XMLSchema-instance"
    xsi:schemaLocation="http://www.loc.gov/MARC21/slim http://www.loc.gov/standards/marcxml/schema/MARC21slim.xsd"
    xmlns="http://www.loc.gov/MARC21/slim">

  <leader>01363nam a2200301 a 4500</leader>
  <controlfield tag="001">000044360</controlfield>
  <controlfield tag="003">DO-SdBNP</controlfield>
  <controlfield tag="005">20231128093456.0</controlfield>
  <controlfield tag="007">000044360</controlfield>
  <controlfield tag="008">140624s2008  dr a   000 j spa d</controlfield>
  <datafield tag="020" ind1=" " ind2=" ">
    <subfield code="a">978994544261</subfield>
  </datafield>
  <datafield tag="040" ind1=" " ind2=" ">
    <subfield code="a">BPMSU</subfield>
    <subfield code="b">spa</subfield>
    <subfield code="c">BPMSU</subfield>
  </datafield>
  <datafield tag="082" ind1=" " ind2="4">
    <subfield code="a">A863.08</subfield>
    <subfield code="b">C965p 2008</subfield>
    <subfield code="2">22</subfield>
  </datafield>
  <datafield tag="245" ind1="0" ind2="0">
    <subfield code="a">Cuentos de piratas, corsarios y bandidos. /</subfield>
    <subfield code="c">edici&#xF3;n Mar&#xED;a del Mar Ravassa G.; ilustraci&#xF3;n Juan Carlos Nicholls.</subfield>
  </datafield>
  <datafield tag="250" ind1=" " ind2=" ">
    <subfield code="a"> </subfield>
  </datafield>
  <datafield tag="260" ind1=" " ind2=" ">
    <subfield code="a">Santo Domingo, :</subfield>
    <subfield code="b">Editora Taller;</subfield>
    <subfield code="b">Coedici&#xF3;n Latinoamericana,</subfield>
    <subfield code="c">2008</subfield>
  </datafield>
  <datafield tag="300" ind1=" " ind2=" ">
    <subfield code="a">104 p. :</subfield>
    <subfield code="b">il. ;</subfield>
    <subfield code="c">22 cm.</subfield>
  </datafield>
  <datafield tag="490" ind1="0" ind2=" ">
    <subfield code="a">Coedici&#xF3;n Latinoamericana </subfield>
  </datafield>
  <datafield tag="500" ind1=" " ind2=" ">
    <subfield code="a"> </subfield>
  </datafield>
  <datafield tag="505" ind1="0" ind2=" ">
    <subfield code="t">Presentaci&#xF3;n</subfield>
    <subfield code="t">El Correvolando</subfield>
    <subfield code="g">Bolivia</subfield>
    <subfield code="t">Un pirata sin piedad</subfield>
    <subfield code="g">Brasil</subfield>
    <subfield code="t">La toma de Cartagena por Francis Drake</subfield>
    <subfield code="g">Colombia</subfield>
    <subfield code="t">El tesoro del monaguillo</subfield>
    <subfield code="g">Chile</subfield>
    <subfield code="t">La tortuga de Cliperton</subfield>
    <subfield code="g">Ecuador</subfield>
    <subfield code="t">Piratas en Veracruz</subfield>
    <subfield code="g">M&#xE9;xico</subfield>
    <subfield code="t">El tamborcito del pirata</subfield>
    <subfield code="g">Per&#xFA;</subfield>
    <subfield code="t">Pedro el grande, el primer pirata del Caribe</subfield>
    <subfield code="g">Rep&#xFA;blica Dominicana</subfield>
    <subfield code="t">Los corsarios de Artigas</subfield>
    <subfield code="g">Uruguay</subfield>
    <subfield code="t">Venturas y desventuras de dos piratas en tierras americanas</subfield>
    <subfield code="g">Venezuela</subfield>
  </datafield>
  <datafield tag="590" ind1=" " ind2=" ">
    <subfield code="a">Inventariado, 2023/VM</subfield>
  </datafield>
  <datafield tag="650" ind1=" " ind2="4">
    <subfield code="a">Cuentos infantiles latinoamericanos </subfield>
    <subfield code="v">Colecciones </subfield>
  </datafield>
  <datafield tag="700" ind1="1" ind2=" ">
    <subfield code="a">Mar Ravassa G., Mar&#xED;a del</subfield>
    <subfield code="e">ed.</subfield>
  </datafield>
  <datafield tag="700" ind1="1" ind2="2">
    <subfield code="a">Nicholls, Juan Carlos</subfield>
    <subfield code="e">il.</subfield>
  </datafield>
  <datafield tag="830" ind1=" " ind2=" ">
    <subfield code="a"> </subfield>
  </datafield>
  <datafield tag="910" ind1=" " ind2=" ">
    <subfield code="a">VMateo V. Control de calidad. BPMSU</subfield>
  </datafield>
  <datafield tag="942" ind1=" " ind2=" ">
    <subfield code="2">ddc</subfield>
    <subfield code="c">BK</subfield>
  </datafield>
  <datafield tag="952" ind1=" " ind2=" ">
    <subfield code="0">0</subfield>
    <subfield code="1">0</subfield>
    <subfield code="2">ddc</subfield>
    <subfield code="4">0</subfield>
    <subfield code="7">0</subfield>
    <subfield code="8">CI-D</subfield>
    <subfield code="a">BPMET</subfield>
    <subfield code="b">BPMET</subfield>
    <subfield code="d">2015-01-29</subfield>
    <subfield code="e"> </subfield>
    <subfield code="l">0</subfield>
    <subfield code="o">BPMSU CDI A863.08 C965p 2008</subfield>
    <subfield code="p">BPMSU15040917</subfield>
    <subfield code="r">2015-01-29</subfield>
    <subfield code="t"> </subfield>
    <subfield code="w">2015-01-29</subfield>
    <subfield code="y">BK</subfield>
  </datafield>
  <datafield tag="952" ind1=" " ind2=" ">
    <subfield code="0">0</subfield>
    <subfield code="1">0</subfield>
    <subfield code="2">ddc</subfield>
    <subfield code="4">0</subfield>
    <subfield code="7">0</subfield>
    <subfield code="8">CI-D</subfield>
    <subfield code="a">BPMET</subfield>
    <subfield code="b">BPMET</subfield>
    <subfield code="d">2015-01-29</subfield>
    <subfield code="e"> </subfield>
    <subfield code="l">0</subfield>
    <subfield code="o">BPMSU CDI A863.08 C965p 2008</subfield>
    <subfield code="p">BPMSU15040918</subfield>
    <subfield code="r">2015-01-29</subfield>
    <subfield code="t">e.2</subfield>
    <subfield code="w">2015-01-29</subfield>
    <subfield code="y">BK</subfield>
  </datafield>
  <datafield tag="952" ind1=" " ind2=" ">
    <subfield code="0">0</subfield>
    <subfield code="1">0</subfield>
    <subfield code="2">ddc</subfield>
    <subfield code="4">0</subfield>
    <subfield code="7">0</subfield>
    <subfield code="8">CI-D</subfield>
    <subfield code="a">BPMET</subfield>
    <subfield code="b">BPMET</subfield>
    <subfield code="d">2015-01-29</subfield>
    <subfield code="e"> </subfield>
    <subfield code="l">0</subfield>
    <subfield code="o">BPMSU CDI A863.08 C965p 2008</subfield>
    <subfield code="p">BPMSU15040919</subfield>
    <subfield code="r">2015-01-29</subfield>
    <subfield code="t">e.3</subfield>
    <subfield code="w">2015-01-29</subfield>
    <subfield code="y">BK</subfield>
  </datafield>
  <datafield tag="999" ind1=" " ind2=" ">
    <subfield code="c">7283</subfield>
    <subfield code="d">7283</subfield>
  </datafield>
</record>
